000 00368nam a22001451a 4500
082 _aM3
_bCHA/S
100 _aChandu Menon O
245 _aSarada/
_cby Chandu Menon O
260 _aKottayam:
_bSahitya Pravartaka Co-operative Society,
_c1999.
300 _a166p.
650 _aNovel Malayalam
650 _aLiterature Malayalam
650 _aLiterature
942 _cBK
999 _c40607
_d40607